000 00951ntaaa2200217 4500
003 01
005 20251027202206.0
008 0714s1973 ag 01
040 _aAR-BaBN
_bspa
_cAR-BaBN
_eaacr
_dRIC
082 _a267.4 Sa5
245 _aManual para la Sociedad Auxiliar de Niñas Intermedias
260 _aEl Paso :
_bCasa Bautista de Publicaciones,
_c1962
300 _a80 p. ;
_cil byn ; 19 cm.
500 _aPreparado por Dora Jean Sanderford, Emilia Quindt y Ethel de Gatica, nombradas por el Comité de Publicaciones Femeniles Bautista Hispanoamericano
500 _a"Basado en el manual en inglés publicado por la Unión Femenil Misionera, Birmingham, Alabama, EE.UU. de A."
500 _aInv. 014178, 014649, 014650 y 023264 retirados definitivamente de biblioteca
520 _aHistoria, organización, metas y reuniones de la Sociedad Auxiliar de Niñas
610 _aSociedad Auxiliar de Niñas
650 _aMISIONES
942 _cBK
999 _c16851
_d16851